Score 0/22 Timer 04:00
1 Play Today
Question Answer Wrong Answers
Boston? But it’s so close to Salem. You do know what they do to witches up there, don’t you? Holt
87.1%
Wuntch
5.6%
Good to see you. But if you’re here, who’s guarding Hades? Holt
85.9%
Wuntch
5.6%
Yes, I never thought I’d see you this high without a broom under you. Holt
85%
Wuntch
7.9%
Look, Gina, is that a talking raisin? Holt
82.9%
Wuntch
7.5%
I thought surely you’d still be crushed under that house in Munchkinland. Holt
82.4%
Wuntch
9.4%
Care to sit? I’m sure you’d like to take some weight off your cloven hooves. Holt
81.1%
Wuntch
10.3%
I wondered why all the birds had suddenly stopped singing. Holt
80.7%
Wuntch
10.9%
I like what you’ve done with your office, it’s cosy. Like the shoebox one buries a dead hamster in. Wuntch
72.4%
Holt
18.2%
You grackle. Holt
72.4%
Wuntch
17.6%
Don’t count your gross fish babies before they’ve hatched. Holt
70%
Wuntch
22%
Hm, an embarrassing blight growing right under your nose. Not unlike that mustache you had when we first met. Wuntch
68.9%
Holt
22.1%
Maybe that’s why the birds stopped singing. Out of respect for the death of your career. Wuntch
66.6%
Holt
25.7%
Always a pleasure to call on a vanquished foe. Wuntch
63%
Holt
28%
You have more of a fly-catching gape than usual. Wuntch
62.1%
Holt
29.3%
All sizzle, no steak. Wuntch
61%
Holt
30.2%
Yes, well, who wouldn’t want to see a man fight a crocodile? Holt
52.3%
Wuntch
39.6%
So much time with your ear to the pavement, it’s a pity a truck hasn’t run over your head. Holt
52.2%
Wuntch
38.6%
Go ahead and gloat, you toad. Wuntch
51%
Holt
40.3%
You’re looking old and sickly. Wuntch
50.7%
Holt
40.3%
Ah, there it is. The shriveled husk of ______. Wuntch
46.5%
Holt
44.3%
We could dance. You must know some moves. You were mentioned by name in the Monster Mash. Wuntch
39.8%
Holt
51.2%
These two goons were carrying a dirty old mop that looked exactly like you. Wuntch
37.7%
Holt
53.8%
Remove Ads.
Support Sporcle.
Get the best of Sporcle when you Go Orange. This ad-free experience offers more features, more stats, and more fun while also helping to support Sporcle. Thank you for becoming a member.

You're not logged in!

Compare scores with friends on all Sporcle quizzes.
OR
Log In

Sporcle TV

Today on Sporcle TV


Watch our educational content, quiz creation guides, and fun videos on Sporcle TV.

Show Comments

Extras

Top Quizzes Today


Score Distribution

Paid Content

Your Account Isn't Verified!

In order to create a playlist on Sporcle, you need to verify the email address you used during registration. Go to your Sporcle Settings to finish the process.

Report this User

Report this user for behavior that violates our Community Guidelines.

Details: